00477nam a2200145Ia 4500008004100000245004800041260004500089260000900134300000900143500001100152650001300163856006300176999001900239952007300258170516s9999 xx 000 0 und d aIn silico product design of pharmaceuticals bAsian Journal of Pharmaceutical Sciences c2016 a11:4 aAugust xPharmacy uhttp://www.sciencedirect.com/science/journal/18180876/11/4 c331495d331495 001040aCLbCLd2017-05-16l0r2017-05-16 00:00:00w2017-05-16yFOJ